000 00592nam a22001817a 4500
003 PILC
005 20160602141606.0
008 160602b xxu||||| |||| 00| 0 eng d
020 _a9780128000229
050 _aTK 5105
_b.N842 2014
100 _aNorman, Thomas.
245 _aIntegrated security systems design :
_ba complete reference for building enterprise-wide digital security systems /
_cThomas Norman.
250 _a2nd edition.
260 _aAmsterdam :
_bElsevier,
_c2014.
300 _axvii, 381 pages :
_billustrations ;
_c25 cm.
500 _aIncludes index.
942 _2lcc
_cBK
999 _c295575
_d295575